| 000 | 01732nam a2200313 i 4500 | ||
|---|---|---|---|
| 003 | DO-SdBNP | ||
| 005 | 20240507132840.0 | ||
| 006 | a||||dr|||| 00| 0 | ||
| 007 | ta | ||
| 008 | 240506e1997 dr ab||| |||| 00| 0 spa d | ||
| 040 |
_aDO-SdBNP _bspa _cBNPHU _erda |
||
| 082 | 4 |
_222 _bM647m |
|
| 100 |
_4Miller, Haydee _eautora |
||
| 245 | 1 | 0 |
_aMatemática 6º. : _bsexto grado / _cHaydee Miller, Vidalina González, Rita Abbot, Ligia Cohen, Kremly Pérez. |
| 264 |
_aSanto Domingo : _bDe Colores, _c1997 |
||
| 300 |
_a210 páginas : _bilustraciones, mapas ; _c27 cm. |
||
| 336 |
_2rdacontent _atexto _btxt |
||
| 337 |
_2rdamedia _asin mediación _bn |
||
| 338 |
_2rdacarrier _avolumen _bnc |
||
| 500 | _aLibro oficial de matemática para el 6º. grado de la educación básica, aprobado por la Secretaría de Estado de Educación y Cultura- SEEC- mediante Resolución No. 945-97 de fecha 15 de agosto de 1997. | ||
| 505 |
_aUnidad 1. Capítulo 1. _tLos números naturales, operaciones y estimaciones.-- _gUnidad 2. Capítulo 1. _tSecuencias y divisibilidad.-- _gUnidad 3. Capítulo 1. _tCosntrucciones geométricas.-- _gUnidad 4. Capítulo 1. _tFracciones comunes y decimales.-- _gUnidad 5. Capítulo 1. _tRazones, proporciones, porcentajes, semejanza.-- _gUnidad 6. Capítulo 1. _tAnálisis de datos.-- _gUnidad 7. Capítulo 1. _tMedidas de longitud y de superficie.-- _gUnidad 8. Capítulo 1. _tLos poliedros y sus volúmenes. |
||
| 590 | _aInventariado 2024 / MF | ||
| 650 | 4 |
_aMatemáticas _xEnseñanza _xLibros de Texto _943578 |
|
| 700 | 1 |
_aGonzález, Vidalina, _eautora _985387 |
|
| 700 | 1 |
_aAbbot, Rita, _929760 _eautora |
|
| 700 | 1 |
_aCohen, Ligia, _eautora _985388 |
|
| 700 |
_aPérez Lluberes, Kremly M., _937302 _eautor |
||
| 942 |
_2ddc _cLBS1 |
||
| 999 |
_c56613 _d56613 |
||